Statistics for INCREDIBLE QUIZ (BEST WQHNRWEAJLNEADJQWN,)WADJSJKA CKJMKAMDNKFKMKS FLS

Click here to take the quiz!

General Stats

  • This quiz has been taken 15 times
  • The average score is 9 of 15

Answer Stats

HintAnswer% Correct
blblblwikkgjk wsjmofnowjm!
100%
giod morning!
100%
previous question is fef!
55%
the last one is fef!
55%
free space answers are 2!
55%
remaining questions are !!
55%
free space2
55%
free space2
55%
free space2
55%
good morning*da
55%
this one is iopiop
55%
previous question is kj
55%
previous question is dak
55%
i lied its jfef
45%
he chathello
9%

Score Distribution

Percentile by Number Answered

Percent of People with Each Score

Your Score History

You have not taken this quiz